LEADER 01863nam 2200541Ia 450 001 9910456455603321 005 20200520144314.0 010 $a1-280-18484-1 010 $a9786610184842 010 $a0-309-56991-5 035 $a(CKB)111069351122092 035 $a(OCoLC)51820950 035 $a(CaPaEBR)ebrary10071388 035 $a(SSID)ssj0000226643 035 $a(PQKBManifestationID)11234635 035 $a(PQKBTitleCode)TC0000226643 035 $a(PQKBWorkID)10263401 035 $a(PQKB)10014756 035 $a(MiAaPQ)EBC3377361 035 $a(Au-PeEL)EBL3377361 035 $a(CaPaEBR)ebr10071388 035 $a(OCoLC)923270014 035 $a(EXLCZ)99111069351122092 100 $a20021011d2001 uy 0 101 0 $aeng 135 $aurcn||||||||| 181 $ctxt 182 $cc 183 $acr 200 10$aPreserving public trust$b[electronic resource] $eaccreditation and human research participant protection programs /$fCommittee on Assessing the System for Protecting Human Research Subjects, Board on Health Sciences Policy, Institute of Medicine 210 $aWashington, D.C. ;$a[Great Britain] $cNational Academy Press$dc2001 215 $a1 online resource (232 p.) 300 $aBibliographic Level Mode of Issuance: Monograph 311 $a0-309-07328-6 320 $aIncludes bibliographical references and index. 606 $aHuman experimentation in medicine$xStandards$zUnited States 606 $aInformed consent (Medical law)$zUnited States 608 $aElectronic books. 615 0$aHuman experimentation in medicine$xStandards 615 0$aInformed consent (Medical law) 676 $a610.724 801 0$bMiAaPQ 801 1$bMiAaPQ 801 2$bMiAaPQ 906 $aBOOK 912 $a9910456455603321 996 $aPreserving public trust$92105078 997 $aUNINA LEADER 01960oam 2200625zu 450 001 9910876931003321 005 20240710121851.0 010 $a9780470172568 010 $a1-61583-236-X 010 $a0-470-17256-8 035 $a(CKB)1000000000377062 035 $a(SSID)ssj0000332043 035 $a(PQKBManifestationID)11248308 035 $a(PQKBTitleCode)TC0000332043 035 $a(PQKBWorkID)10331386 035 $a(PQKB)10983001 035 $a(PPN)197117988 035 $a(EXLCZ)991000000000377062 100 $a20160829d2006 uy 101 0 $aeng 181 $ctxt$2rdacontent 182 $cc$2rdamedia 183 $acr$2rdacarrier 200 00$aNoise and vibration control engineering $eprinciples and applications /$fedited by L. Vér and Leo L. Beranek 205 $aSecond edition 210 1$aHoboken, New Jersey :$cWiley and Sons, Inc.,$d[2006] 300 $aBibliographic Level Mode of Issuance: Monograph 311 1 $a9780471449423 311 1 $a0-471-44942-3 606 $aNoise control 606 $aVibration 606 $aSoundproofing 606 $aEnvironmental Engineering$2HILCC 606 $aCivil & Environmental Engineering$2HILCC 606 $aEngineering & Applied Sciences$2HILCC 606 $aSoroll$xControl$2lemac 606 $aVibració$2lemac 606 $aAïllament acústic$2lemac 615 0$aNoise control. 615 0$aVibration. 615 0$aSoundproofing. 615 7$aEnvironmental Engineering 615 7$aCivil & Environmental Engineering 615 7$aEngineering & Applied Sciences 615 7$aSoroll$xControl 615 7$aVibració 615 7$aAïllament acústic 676 $a620.2/3 702 $aVe?r$b I. L$g(Istva?n L.),$f1934- 702 $aBeranek$b Leo L$g(Leo Leroy),$f1914-2016, 801 0$bPQKB 906 $aBOOK 912 $a9910876931003321 996 $aNoise and vibration control engineering$91097271 997 $aUNINA